00958cam a2200253 a 4500999001500000001000500015003000900020005001700029008004100046020001600087020001800103040003800121082002500159100001900184245005800203260005700261300004000318490002800358504005100386600006400437650006800501942001200569952012300581 c3274d32743384BD-DhUAP20210130164404.0200303s1998 bg abf b f000 0 eng  a1568981856  a9781568981857 aBD-DhUAPcBD-DhUAPdBD-DhUAPbEng a779.97274092 STO223 aStoller, Ezra. aThe Yale Art + Architecture Building /cEzra Stoller. aNew York : bPrinceton Architectural Press,cc1999. a88 pages :billustrations ;c19 cm. aBuilding blocks series. aIncludes bibliographical references and index. a Rudolph, Paul, -- 1918- -- Criticism and interpretation.  aSchool of Art and Architecture -- Buildings -- Pictorial works. 2ddccBK 00102ddc4070aUAPCLbUAPCLcGeneral Stacksd2020-03-03o779.97274092 STOp3010003384r2020-03-03t1w2020-03-03yBK